Statistics for Cricket: Batsmen to Average Above 50 in a T20i Calendar Year

Click here to take the quiz!

General Stats

  • This quiz has been taken 20 times
    (9 since last reset)
  • The average score is 15 of 28

Answer Stats

YearCountryRunsAverageAnswer% Correct
2020PAK27655.20Babar Azam
100%
2018PAK56362.56Babar Azam
100%
2021PAK132673.67Mohammad Rizwan
100%
2022IND78155.79Virat Kohli
100%
2014IND38596.25Virat Kohli
100%
2019IND46677.67Virat Kohli
100%
2016IND641106.83Virat Kohli
100%
2020NZ21854.50Kane Williamson
88%
2017SA30450.67AB de Villiers
75%
2021ENG58965.44Jos Buttler
75%
2016ENG36661.00Jos Buttler
75%
2007PAK25150.20Misbah-ul-Haq
63%
2020PAK41583.00Mohammad Hafeez
63%
2018PAK25050.00Mohammad Hafeez
63%
2016PAK37052.86Shoaib Malik
63%
2012IND26853.60MS Dhoni
50%
2016SA30877.00Hashim Amla
38%
2010ENG35370.60Kevin Pietersen
38%
2007AUS25162.75Andrew Symonds
25%
2015SA27254.50Faf du Plessis
25%
2007AUS30260.40Matthew Hayden
25%
2014AUS27254.40Cameron White
13%
2010ENG31552.50Eoin Morgan
13%
2018IND29974.75Manish Pandey
13%
2010AUS23157.75Michael Hussey
13%
2016AFG31262.40Najibullah Zadran
13%
2010IND31953.17Suresh Raina
13%
2020NZ35250.29Tim Seifert
0%

Score Distribution

Percentile by Number Answered

Percent of People with Each Score

Your Score History

You have not taken this quiz since the last reset